005540000a220009700045001000026000002450061000263000052000875000016001395200256001557730045004111 aZapata León, Sergio10aDespués de la cocaina : Luna Park de Bret Easton Ellis aVol.0, núm.12 (Septiembre, 2006), Página 11 aPeriodista. aEl escritor norteamericano Breat Easton Ellis se convirtió en el demonio de la generación yuppie de los años ochenta al publicar American Psycho, un viaje de un asesino en serie vestido de Armani. Tras siete años de silencio, vuelve a atacar.0 tArcadia / Andrés Felipe Solano, Editor